LEADER 00772nam0-22002771i-450- 001 990001623730403321 005 20050304083410.0 035 $a000162373 035 $aFED01000162373 035 $a(Aleph)000162373FED01 035 $a000162373 100 $a20030910d1918----km-y0itay50------ba 101 0 $aeng 200 1 $aTimiskaming County Quebe$fMorley E. Wilson. 210 $aOttawa$cGovernment Printing Bureau$d1918 215 $a197 p., 16 tav., 1 c.$d25 cm 610 0 $aGeologia 676 $a557 700 1$aWilson,$bMorley Evans$f<1882- >$069346 801 0$aIT$bUNINA$gRICA$2UNIMARC 901 $aBK 912 $a990001623730403321 952 $a60 557 B 55$b15633$fFAGBC 959 $aFAGBC 996 $aTimiskaming County Quebe$9366336 997 $aUNINA